000 00879nam a2200217Ia 4500
003 Ost
005 20260507075637.0
008 260507s9999||||xx |||||||||||||| ||und||
020 _a9957112821
040 _cfsecg
041 _aara
082 _a364.168
100 _aالفاعوري، أروى فايز
_eمؤلف
245 0 _aجريمة غسيل الأموال :
_bالمدلول العام والطبيعة القانونية /
_c أروى فايز الفاعوري
260 _aعمان:
_bدار وائل للنشر,
_c2002
300 _a267 صفحة؛
_bإيضاحات ؛
_c24 سم
520 _aالمدلول العام لجريمة غسيل الأموال- الطبيعة القانونية لجريمة غسيل الأموال
653 _aجرائم الأموال
700 _aقطيشات، ايناس محمد
_eمؤلف ثانوي
942 _cكتاب
999 _c45323
_d45323